Forma a persones en perfils qualificats per a la teva empresa : ocupació a la indústria local ocupació a la indústria local
Publicado:
Barcelona :
Diputació de Barcelona. Gerència de Serveis de Promoció Econòmica i Ocupació ,
2019
Descripción Física:
1 díptic ; il. col. ; 15 x 21 cm
Materias:
Treballadors qualificats -- Formació
; Formació ocupacional -- Barcelona (Catalunya : Província)
Idioma:
Catalán
MARC
| LEADER | 00000nam a22000007a 4500 | ||
|---|---|---|---|
| 001 | 27569 | ||
| 003 | Arxiu | ||
| 005 | 20260324181156.0 | ||
| 008 | 230321b spa||||| |||| 00| 0 cat d | ||
| 017 | |a B 10024-2019 | ||
| 040 | |a agdb |b cat | ||
| 110 | |9 51078 |a Barcelona (Catalunya : Província). |b Gerència de Serveis de Promoció Econòmica i Ocupació | ||
| 245 | |a Forma a persones en perfils qualificats per a la teva empresa : |b ocupació a la indústria local | ||
| 260 | |a Barcelona : |b Diputació de Barcelona. Gerència de Serveis de Promoció Econòmica i Ocupació ; |c 2019 | ||
| 300 | |a 1 díptic ; |b il. col. ; |c 15 x 21 cm | ||
| 650 | 0 | |9 56024 |a Treballadors qualificats |x Formació | |
| 650 | 0 | |9 34880 |a Formació ocupacional |x Barcelona (Catalunya : Província) | |
| 710 | |9 52903 |a Barcelona (Catalunya : Província). |b Àrea de Desenvolupament Econòmic Local | ||
| 942 | |2 udc |c ARXIU |n 1 | ||
| 952 | |0 0 |1 0 |2 udc |4 0 |6 FU74178 |7 1 |9 65705 |a Arxiu |b Arxiu |d 2023-03-21 |l 0 |o FU-74-178 |p 27569 |r 2023-03-21 00:00:00 |w 2023-03-21 |y ARXIU | ||
| 999 | |c 83229 |d 83229 | ||